<?xml version="1.0" encoding="UTF-8"?>
<record
    xmlns:xsi="http://www.w3.org/2001/XMLSchema-instance"
    xsi:schemaLocation="http://www.loc.gov/MARC21/slim http://www.loc.gov/standards/marcxml/schema/MARC21slim.xsd"
    xmlns="http://www.loc.gov/MARC21/slim">

  <leader>01283nam a22002057a 4500</leader>
  <datafield tag="952" ind1=" " ind2=" ">
    <subfield code="0">0</subfield>
    <subfield code="1">0</subfield>
    <subfield code="2">ddc</subfield>
    <subfield code="4">0</subfield>
    <subfield code="7">1</subfield>
    <subfield code="8">NFIC</subfield>
    <subfield code="a">ASL</subfield>
    <subfield code="b">ASL</subfield>
    <subfield code="c">GEN</subfield>
    <subfield code="d">2021-11-08</subfield>
    <subfield code="e">ASB Library Collection</subfield>
    <subfield code="l">0</subfield>
    <subfield code="o">922.954 AMS</subfield>
    <subfield code="p">113867</subfield>
    <subfield code="r">2021-11-08 00:00:00</subfield>
    <subfield code="t">C-1</subfield>
    <subfield code="w">2021-11-08</subfield>
    <subfield code="y">BK</subfield>
    <subfield code="z">RARE</subfield>
  </datafield>
  <datafield tag="999" ind1=" " ind2=" ">
    <subfield code="c">27695</subfield>
    <subfield code="d">27695</subfield>
  </datafield>
  <controlfield tag="003">BDDh-ASL</controlfield>
  <controlfield tag="005">20231016062617.0</controlfield>
  <controlfield tag="008">201104s1917    b  ||||| |||| 00| 0 b   d</controlfield>
  <datafield tag="040" ind1=" " ind2=" ">
    <subfield code="a">BDDh-ASL</subfield>
    <subfield code="c">BDDh-ASL</subfield>
    <subfield code="d">BDDh-ASL</subfield>
  </datafield>
  <datafield tag="041" ind1=" " ind2=" ">
    <subfield code="a">ben</subfield>
  </datafield>
  <datafield tag="082" ind1=" " ind2=" ">
    <subfield code="a">922.954</subfield>
    <subfield code="b">AMS</subfield>
  </datafield>
  <datafield tag="100" ind1="1" ind2=" ">
    <subfield code="9">5872</subfield>
    <subfield code="a">&#x986;&#x9AE;&#x9CD;&#x9AC;&#x9C1;&#x9B2;&#x9C0;, &#x9B6;&#x9CD;&#x9B0;&#x9C0;&#x995;&#x9BE;&#x9B2;&#x9C0;&#x9B0;&#x99A;&#x9A3; &#x99A;&#x995;&#x9CD;&#x9B0;&#x9AC;&#x9A4;&#x9CD;&#x9B0;&#x9CD;&#x9A4;&#x9C0;</subfield>
  </datafield>
  <datafield tag="245" ind1="1" ind2="0">
    <subfield code="a">&#x9B8;&#x9BE;&#x9A7;&#x995; &#x9B0;&#x9BE;&#x99C;&#x9AE;&#x9CB;&#x9B9;&#x9A8;&#x964; &#x9AC;&#x9BE;:</subfield>
    <subfield code="b">&#x9AC;&#x9BF;&#x995;&#x9CD;&#x9B0;&#x9AE;&#x9AA;&#x9C1;&#x9B0;&#x9C7;&#x9B0; &#x9B0;&#x9BE;&#x99C;&#x9AE;&#x9CB;&#x9B9;&#x9A8; &#x986;&#x9AE;&#x9CD;&#x9AC;&#x9C1;&#x9B2;&#x9C0; &#x9A4;&#x9B0;&#x9CD;&#x995;&#x9BE;&#x9B2;&#x999;&#x9CD;&#x995;&#x9BE;&#x9B0; &#x9AE;&#x9B9;&#x9BE;&#x9B6;&#x9AF;&#x9BC;&#x9C7;&#x9B0; &#x99C;&#x9C0;&#x9AC;&#x9A8;&#x9C0; &#x993; &#x9AE;&#x9BE;&#x9B2;&#x9B8;&#x9C0; &#x997;&#x9BE;&#x9A8; &#x98F;&#x9AC;&#x982; &#x995;&#x9A4;&#x9BF;&#x9AA;&#x9AF;&#x9BC; &#x9B8;&#x9BF;&#x9A6;&#x9CD;&#x9A7;&#x9AA;&#x9C1;&#x9B0;&#x9C1;&#x9B7; &#x993; &#x9B8;&#x9BE;&#x9A7;&#x995; &#x9B0;&#x9BE;&#x99C;&#x9AE;&#x9CB;&#x9B9;&#x9A8;&#x9C7;&#x9B0; &#x9B8;&#x9AE;&#x995;&#x9BE;&#x9B2;&#x9AC;&#x9A4;&#x9CD;&#x9B0;&#x9CD;&#x9A4;&#x9C0; &#x9AC;&#x9BF;&#x995;&#x9CD;&#x9B0;&#x9AE;&#x9AA;&#x9C1;&#x9B0;&#x9C7;&#x9B0; &#x9AA;&#x9CD;&#x9B0;&#x9B8;&#x9BF;&#x9A6;&#x9CD;&#x9A7; &#x9AA;&#x9A3;&#x9CD;&#x9A1;&#x9BF;&#x9A4;&#x997;&#x9A3;&#x9C7;&#x9B0; &#x9B8;&#x982;&#x995;&#x9CD;&#x9B7;&#x9BF;&#x9AA;&#x9CD;&#x9A4; &#x9AA;&#x9B0;&#x9BF;&#x99A;&#x9AF;&#x9BC;&#x964; /</subfield>
  </datafield>
  <datafield tag="246" ind1=" " ind2=" ">
    <subfield code="a"> &#x200D;Sadhak Rajmohon</subfield>
  </datafield>
  <datafield tag="260" ind1=" " ind2=" ">
    <subfield code="a">&#x9A2;&#x9BE;&#x995;&#x9BE;: </subfield>
    <subfield code="c">&#x9A2;&#x9BE;&#x995;&#x9BE; &#x9B8;&#x9BF;&#x99F;&#x9C0; &#x9B2;&#x9BE;&#x987;&#x9AC;&#x9CD;&#x9B0;&#x9C7;&#x9B0;&#x9C0;, </subfield>
    <subfield code="b">&#x9E7;&#x9EF;&#x9E7;&#x9ED;&#x964; </subfield>
  </datafield>
  <datafield tag="300" ind1=" " ind2=" ">
    <subfield code="a">&#x9E8;&#x9EA;&#x9EA; &#x9AA;&#x9C3;&#x9B7;&#x9CD;&#x9A0;&#x9BE;, : </subfield>
    <subfield code="c">&#x9E8;&#x9E6; &#x9B8;&#x9C7;.&#x9AE;&#x9BF;.&#x964;</subfield>
  </datafield>
  <datafield tag="600" ind1="1" ind2="0">
    <subfield code="9">5873</subfield>
    <subfield code="a">&#x986;&#x9AE;&#x9CD;&#x9AC;&#x9C1;&#x9B2;&#x9C0;, &#x9B0;&#x9BE;&#x99C;&#x9AE;&#x9CB;&#x9B9;&#x9A8; </subfield>
  </datafield>
  <datafield tag="650" ind1=" " ind2="0">
    <subfield code="a">biographical dictionary - &#x99A;&#x9B0;&#x9BF;&#x9A4;&#x9BE;&#x9AD;&#x9BF;&#x9A7;&#x9BE;&#x9A8;</subfield>
    <subfield code="9">4665</subfield>
  </datafield>
  <datafield tag="942" ind1=" " ind2=" ">
    <subfield code="2">ddc</subfield>
    <subfield code="c">BK</subfield>
  </datafield>
</record>
